Disney Movie by Song Lyrics #2 - Statistics

General Stats
  • This quiz has been taken 1,529 times
  • The average score is 7 of 12
Answer Stats
Hint Answer % Correct
"Salagadoola mechicka boola bibbidi-bobbidi-boo, purple and white, orange and blue.." Cinderella
93%
"But if I know you, I know what you'll do. You'll love me at once, the way you did once upon a dream" Sleeping Beauty
76%
"Life is a highway, I wanna ride it all night long" Cars
75%
"You got to dig a little deeper. Find out who you are. You got to dig a little deeper. It really ain't that far" The Princess and the Frog
66%
"If she doesn't scare you. No evil thing will. To see her is to, take a sudden chill" 101 Dalmatians
60%
"Hellfire,this fire in my skin. This burning desire, is turning me to sin." The Hunchback of Notre-Dame
53%
"I will fly, chase the wind and touch the sky." Brave
51%
"Think of all the joy you'll find, when you leave the world behind.." Peter Pan
47%
"And when she was lonely, I was there to comfort her. And I knew that she loved me." Toy Story 2
46%
"'Cause we could be immortals, immortals. Just not for long, for long." Big Hero 6
41%
"Put that thing back where it came from, or so help me! So help me!" Monsters, Inc
38%
"Within that world of my own, I could listen to a babbling brook. And hear a song that I could understand" Alice in Wonderland
21%
No matching quizzes found
Score Distribution
Percent of People with Each Score
Percentile by Number Answered
Your Score History
You have not taken this quiz